LEADER 00982nam0-22003251i-450- 001 990005877980403321 005 20061016101852.0 010 $a88-464-1296-6 035 $a000587798 035 $aFED01000587798 035 $a(Aleph)000587798FED01 035 $a000587798 100 $a20000421d1999----km-y0itay50------ba 101 0 $aita 105 $ay-------001yy 200 1 $a<>INGEGNERI in Italia tra '800 e '900$fa cura di Andrea Giuntini e Michela Minesso. 210 $d©1999$aMilano$cAngeli 215 $a165 p.$d22 cm 225 1 $a<>società moderna e contemporanea$v68 610 0 $aIngegneri$aItalia$aSec. 19.-20. 676 $a620.009$v21$zita 702 1$aGiuntini,$bAndrea$f<1955- > 702 1$aMinesso,$bMichela 801 0$aIT$bUNINA$gRICA$2UNIMARC 901 $aBK 912 $a990005877980403321 952 $a620.009 ING 1$bBibl.30457$fFLFBC 959 $aFLFBC 996 $aINGEGNERI in Italia tra '800 e '900$9563719 997 $aUNINA LEADER 01530nam0 2200337 450 001 000021940 005 20080905124446.0 010 $a88-7814-027-9 100 $a20080711d1993----km-y0itaa50------ba 101 0 $aita 102 $aIT 200 1 $a<> ceramiche comuni di Albintimilium$eindagine archeologica e archeometrica sui materiali dell'area del Cardine$fGloria Olcese$gsaggio introduttivo di Francisca Pallarés Salvador 210 $aFirenze$cAll'Insegna del Giglio$d1993 215 $a369 p.$cill.$d24 cm 225 2 $aQuaderni del Dipartimento di Archeologia e Storia delle Arti. Sezione Archeologica - Università di Siena$v35 300 $aTesi di Dottorato, Freie Universität di Berlino, D188 410 1$12001$aQuaderni del Dipartimento di Archeologia e Storia delle Arti. Sezione Archeologica - Università di Siena$v35 606 1 $aCeramiche$yVentimiglia 676 $a738.9371$v(21. ed.)$9Arti della ceramica. Liguria antica 700 1$aOlcese,$bGloria$0166396 702 1$aPallarés Salvador,$bFrancisca 801 0$aIT$bUniversità della Basilicata - B.I.A.$gRICA$2unimarc 912 $a000021940 996 $aCeramiche comuni di Albintimilium$988250 997 $aUNIBAS BAS $aLETTERE CAT $aSTD052$b01$c20080711$lBAS01$h1229 CAT $aSTD052$b01$c20080722$lBAS01$h1036 CAT $aATR$b10$c20080905$lBAS01$h1244 FMT Z30 -1$lBAS01$LBAS01$mBOOK$1BASA4$APolo di Matera$2GEN$BCollezione generale$3MSR-K V-10$6106453$5L106453$820080711$f02$FPrestabile Generale